01676cam a2200325 a 4500001000400000003001000004005001700014008004100031020001800072040002500090080002000115090002700135100003300162245017300195250002500368260003800393300002700431504002500458590004300483650004700526650004700573650006000620650005700680942001200737952014700749952014700896952014701043952014701190999001301337173BR-CuiBMT20231213134132.0230823s2020 mgba 000 0 por d a9788545006831 aBR-CuiBMTcBR-CuiBMT 22007a342x(81) a342(81)bW699ac2. ed.1 aWilleman, Mariana Montebello10aAccountability democrática e o desenho institucional dos tribunais de contas no Brasil /cMarianna Montebello Willeman ; Diogo de Figueiredo Moreira Neto, prefácio. a2. ed., rev. e ampl. aBelo Horizonte :bFórum,c2020. a373 p. :bil. ;c22 cm aInclui bibliografia. aA Biblioteca possui a 1. reimpr. 2020. aDireito constitucionalxDemocraciazBrasil aTribunais de contasxArquitetura funcional aResponsabilidade (Direito)xTribunais de contaszBrasil aAdministração públicaxPrestação de contas 2udccLV 00102udc4070aBIBTCEMTbBIBTCEMTd2023-06-28l0o342(81) W699a 2. ed.pBIBTCEMT23080150r2023-08-23tEx. 1w2023-08-23yLVz1. reimpr. 2020 00102udc4070aBIBTCEMTbBIBTCEMTd2023-11-28l0o342(81) W699a 2. ed.pBIBTCEMT23111216r2023-11-28tEx. 2w2023-11-28yLVz1. reimpr. 2020 00102udc4070aBIBTCEMTbBIBTCEMTd2023-11-28l0o342(81) W699a 2. ed.pBIBTCEMT23111217r2023-11-28tEx. 3w2023-11-28yLVz1. reimpr. 2020 00102udc4070aBIBTCEMTbBIBTCEMTd2023-11-28l0o342(81) W699a 2. ed.pBIBTCEMT23111218r2023-11-28tEx. 4w2023-11-28yLVz1. reimpr. 2020 c173d173